[Event "EYCC 2017"]
[Site "Mamaia"]
[Date "2017.09.13"]
[Round "8"]
[White "Trubchaninov, Artem"]
[Black "Gavrilescu, David"]
[Result "0-1"]
[WhiteElo "2071"]
[BlackElo "2346"]
[Annotator "TA"]
[PlyCount "66"]
[EventDate "2017.??.??"]
[EventType "swiss"]
[EventCountry "ROU"]
[SourceTitle "playchess.com"]
[Source "ChessBase"]
[SourceQuality "1"]

{[%evp 11,66,24,41,33,44,42,44,32,43,47,43,33,37,9,10,10,16,-5,-5,-7,0,-9,6,0,0,0,0,0,0,-79,0,0,0,0,0,-58,-22,-22,-32,-66,-73,-375,-375,-375,-368,-357,-322,-1053,-1038,-987,-949,-29995,-29996,-29997,-29997,-29997,-29998]} 1. c4 b6 2. e4 Bb7 3. Nc3 e6 4. Nf3 Bb4 5. Bd3 Ne7 6. O-O {A10: English Opening: Unusual Replies for Black} Bxc3 {LiveBook: 3 Games} 7. bxc3 $146 ({Predecessor:} 7. dxc3 Ng6 8. Be3 d6 9. b4 Nd7 10. a4 O-O 11. a5 Rb8 12. Qc2 h6 13. Rfd1 Qe7 14. axb6 axb6 {0-1 (70) Tomashevsky,E (2758)-Grischuk,A (2774) Berlin 2015}) 7... d6 8. Bc2 {White is slightly better.} Nd7 9. d4 e5 10. Qe2 O-O 11. g3 Re8 12. d5 Nc5 13. Be3 Bc8 14. Bxc5 bxc5 15. Nh4 Bh3 16. Rfb1 Qc8 17. Rb2 Rb8 $36 {[%mdl 2048] Black has some pressure.} 18. Rxb8 Qxb8 19. Rb1 Qa8 20. g4 {[#]} (20. Nf5 $11 {keeps the balance.}) 20... g5 (20... Qd8 $1 $17) 21. Nf5 $1 $11 {[%cal Rf5e7]} Ng6 $1 22. f3 Rb8 (22... Nf4 $5 {[%cal Rf4e2]} 23. Qd1 Rb8 $11) 23. Kf2 ({White should try} 23. Rxb8+ $11 Qxb8 24. Bd1) 23... Rb6 24. Qd2 Nf4 25. Qc1 h5 26. Qa3 $2 {[%mdl 8192] [#]} (26. Rb5 $17 {is tougher.}) 26... Rxb1 $19 27. Bxb1 hxg4 28. fxg4 Bxg4 29. Nh6+ $2 (29. Ng3) 29... Kg7 30. Nxg4 Qh8 31. Ne3 Qxh2+ {Black mates.} 32. Kf3 Qe2+ 33. Kg3 Qxe3+ {Precision: White = 37%, Black = 61%.} 0-1

[Event "EYCC 2017"]
[Site "Mamaia"]
[Date "2017.09.13"]
[Round "8"]
[White "Tsaruk, Maksim"]
[Black "Luczak, Filip"]
[Result "0-1"]
[WhiteElo "2060"]
[BlackElo "1866"]
[Annotator "NA RC"]
[PlyCount "140"]
[EventDate "2017.??.??"]
[EventType "swiss"]
[EventCountry "ROU"]
[SourceTitle "playchess.com"]
[Source "ChessBase"]
[SourceQuality "1"]
[TimeControl "40/5400+30:1800+30"]

1. e4 c5 2. Nf3 d6 3. d4 Nf6 4. Nc3 cxd4 5. Nxd4 a6 6. Bg5 Nbd7 7. f4 Qc7 8. Qf3 g6 9. O-O-O Bg7 10. Be2 Rb8 11. Rhe1 b5 12. Nd5 Nxd5 13. exd5 Bb7 14. Bxb5 O-O 15. Bxd7 Qxd7 16. Rxe7 Qc8 17. f5 Be5 18. Bf4 Bxd5 19. Qxd5 Bxf4+ 20. Kb1 Be5 21. fxg6 hxg6 22. Rf1 Qc3 23. Rb7 Qxd4 24. Qxd4 Bxd4 25. Rxb8 Rxb8 26. b3 Kg7 27. c4 Re8 28. Rd1 Bc5 29. Rd2 Re1+ 30. Kb2 Rf1 31. Kc3 Rf2 32. Rxf2 Bxf2 33. Kb4 Be1+ 34. Ka4 a5 35. a3 Kf6 36. b4 axb4 37. axb4 Ke7 38. Kb5 Kd7 39. c5 dxc5 40. Kxc5 Kc7 41. b5 Bf2+ 42. Kd5 Bh4 43. b6+ Kxb6 44. Kd6 Kb5 45. g3 Kc4 46. gxh4 Kd4 47. Ke7 f5 48. Kf6 f4 49. Kxg6 f3 50. h5 f2 51. h6 f1=Q 52. Kg7 Qg2+ 53. Kh8 Qa8+ 54. Kg7 Qb7+ 55. Kg8 Qc8+ 56. Kg7 Qd7+ 57. Kg6 Qe6+ 58. Kg7 Qe7+ 59. Kg8 Qg5+ 60. Kh7 Ke5 61. h4 Qxh4 62. Kg6 Qe7 63. h7 Qf6+ 64. Kh5 Qh8 65. Kg6 Qf8 66. Kh5 Qg7 67. h8=Q Qxh8+ 68. Kg6 Qg8+ 69. Kh6 Kf6 70. Kh5 Qg5# 0-1

[Event "EYCC 2017"]
[Site "Mamaia"]
[Date "2017.09.13"]
[Round "8"]
[White "Aciu, Malina-Andreea"]
[Black "Lomandong Noela-Joyce"]
[Result "0-1"]
[WhiteElo "2058"]
[BlackElo "2040"]
[Annotator "NA RC"]
[PlyCount "136"]
[EventDate "2017.??.??"]
[EventType "swiss"]
[EventCountry "ROU"]
[SourceTitle "playchess.com"]
[Source "ChessBase"]
[SourceQuality "1"]
[TimeControl "40/5400+30:1800+30"]

1. d4 {[%emt 0:00:00]} d5 {[%emt 0:01:39]} 2. c4 {[%emt 0:00:00]} c6 {[%emt 0:00:41]} 3. e3 {[%emt 0:00:00]} g6 {[%emt 0:03:28]} 4. Nc3 {[%emt 0:00:06]} Bg7 {[%emt 0:00:10]} 5. Nf3 {[%emt 0:00:08]} Nf6 {[%emt 0:01:57]} 6. Bd3 {[%emt 0:00:36]} O-O {[%emt 0:16:14] LiveBook: 1107 Games} 7. O-O {[%emt 0:00:05]} b6 {[%emt 0:03:35]} 8. b3 {[%emt 0:06:04] D94: Grünfeld: 4 Nf3 Bg7 5 e3} (8. Qe2 Bb7 9. Rd1 Nbd7 10. e4 dxe4 11. Nxe4 Qc7 12. Nxf6+ exf6 13. Be3 c5 {½-½ (13) Real de Azua,E (2459)-Alonso,S (2483) Buenos Aires 2011}) 8... Bf5 $146 {[%emt 0:06:06]} ({Predecessor:} 8... Bb7 9. Ba3 Re8 10. cxd5 Nxd5 11. Ne2 Nd7 12. e4 Nc7 13. Rc1 Rc8 14. Bc4 b5 15. Bd3 a5 {1-0 (71) Nestorovic,L (2337)-Kamberovic,S (2259) Sarajevo 2014}) 9. Bb2 {[%emt 0:08:40]} ({White should play} 9. Bxf5 $16 gxf5 10. Ba3) 9... e6 {[%emt 0:14:18]} 10. Re1 {[%emt 0:05:59]} Ne4 {[%emt 0:05:36]} 11. Bxe4 {[%emt 0:09:54]} Bxe4 {[%emt 0:00:11]} 12. Nd2 {[%emt 0:00:09]} Bf5 {[%emt 0:05:30]} 13. f3 {[%emt 0:11:35]} (13. Rc1 $14) 13... e5 {[%emt 0:05:12]} 14. Ne2 {[%emt 0:01:28]} Re8 {[%emt 0:11:23]} 15. Nf1 {[%emt 0:13:53]} (15. cxd5 $14 cxd5 16. dxe5) 15... e4 {[%emt 0:03:52]} 16. Neg3 {[%emt 0:02:08]} Na6 {[%emt 0:05:03]} 17. a3 {[%emt 0:01:19]} Qf6 {[%emt 0:00:18]} 18. Nd2 {[%emt 0:01:16]} Nc5 {[%emt 0:03:25]} 19. Rf1 {[%emt 0:10:25]} Nd3 {[%emt 0:02:47]} 20. fxe4 {[%emt 0:02:52]} Qg5 {[%emt 0:01:33]} 21. exf5 {[%emt 0:10:24]} Qxe3+ {[%emt 0:00:30]} 22. Kh1 {[%emt 0:00:09]} Nxb2 {[%emt 0:01:00]} 23. Qc2 {[%emt 0:00:45]} Qxd4 {[%emt 0:01:54]} 24. Nf3 {[%emt 0:05:45]} Qc3 {[%emt 0:00:38]} 25. Qxc3 {[%emt 0:03:31]} Bxc3 {[%emt 0:00:01]} 26. cxd5 {[%emt 0:00:33]} cxd5 {[%emt 0:00:11]} 27. Rac1 {[%emt 0:00:21]} Rac8 {[%emt 0:01:56]} 28. Rc2 $19 {[%emt 0:02:01]} d4 {[%emt 0:00:42]} 29. Rfc1 {[%emt 0:01:02]} Nd3 {[%emt 0:01:46]} 30. Rd1 {[%emt 0:00:21]} Nb2 {[%emt 0:00:25]} 31. Rdc1 {[%emt 0:00:05]} Nd3 {[%emt 0:00:59]} 32. Rd1 {[%emt 0:00:05]} Nf4 {[%emt 0:01:14]} 33. Rdc1 {[%emt 0:01:37]} Rcd8 {[%emt 0:00:29]} 34. h3 {[%emt 0:01:13]} Nd3 {[%emt 0:00:46]} 35. Rd1 {[%emt 0:01:18]} Ne1 {[%emt 0:00:41]} 36. Rf2 {[%emt 0:01:01]} Nxf3 {[%emt 0:00:19]} 37. Rxf3 {[%emt 0:00:26]} Re1+ {[%emt 0:00:46]} 38. Rf1 {[%emt 0:00:10]} Re3 {[%emt 0:00:31]} 39. Rf3 {[%emt 0:00:46]} Re1+ {[%emt 0:00:15]} 40. Rf1 {[%emt 0:00:00]} Re3 {[%emt 0:00:45]} 41. Rf3 {[%emt 0:02:47]} Rde8 {[%emt 0:00:11]} 42. Kh2 {[%emt 0:01:35]} Re1 {[%emt 0:04:33]} 43. Rdd3 {[%emt 0:02:08]} Ra1 {[%emt 0:00:53]} 44. fxg6 {[%emt 0:00:45]} hxg6 {[%emt 0:03:25]} 45. a4 {[%emt 0:01:45]} Rae1 {[%emt 0:00:43]} 46. h4 {[%emt 0:01:44]} Kg7 {[%emt 0:01:52]} 47. Kh3 {[%emt 0:00:45]} R8e5 {[%emt 0:02:47]} 48. Kg4 {[%emt 0:01:07]} Bb2 {[%emt 0:01:51]} 49. h5 {[%emt 0:01:11]} f5+ {[%emt 0:02:10]} 50. Kh3 {[%emt 0:01:34]} R1e3 {[%emt 0:02:11]} 51. hxg6 {[%emt 0:01:49]} Kxg6 {[%emt 0:01:08]} 52. Nf1 {[%emt 0:00:27]} Rxd3 {[%emt 0:00:53]} 53. Rxd3 {[%emt 0:00:05]} Re1 {[%emt 0:00:39]} 54. Rf3 {[%emt 0:01:21]} Bc1 {[%emt 0:03:45]} 55. g3 {[%emt 0:01:40]} d3 {[%emt 0:02:29]} 56. Rf2 {[%emt 0:03:01]} Re2 {[%emt 0:01:23]} 57. Rf3 {[%emt 0:00:29]} Re1 {[%emt 0:03:08]} 58. Rf2 {[%emt 0:00:09]} Be3 {[%emt 0:02:42]} 59. Nxe3 {[%emt 0:01:29]} Rxe3 {[%emt 0:00:03]} 60. Rd2 {[%emt 0:00:00]} f4 {[%emt 0:00:37]} 61. Kg4 {[%emt 0:00:27]} fxg3 {[%emt 0:01:46]} 62. Kf4 {[%emt 0:00:12]} Re2 {[%emt 0:00:31]} 63. Rxd3 {[%emt 0:00:11]} g2 {[%emt 0:00:04]} 64. Rg3+ {[%emt 0:01:33]} Kf6 {[%emt 0:00:01]} 65. b4 {[%emt 0:02:18]} Rb2 {[%emt 0:00:15]} 66. Kf3 {[%emt 0:01:48]} Rb3+ {[%emt 0:01:39]} 67. Kxg2 {[%emt 0:00:26]} Rxg3+ {[%emt 0:01:20]} 68. Kxg3 {[%emt 0:00:07]} Ke5 {[%emt 0:00:02]} 0-1

[Event "EYCC 2017"]
[Site "Mamaia"]
[Date "2017.09.13"]
[Round "8"]
[White "Berdnyk, Mariia"]
[Black "Esadze, Tamari"]
[Result "0-1"]
[WhiteElo "2055"]
[BlackElo "1863"]
[Annotator "NA RC"]
[PlyCount "126"]
[EventDate "2017.??.??"]
[EventType "swiss"]
[EventCountry "ROU"]
[SourceTitle "playchess.com"]
[Source "ChessBase"]
[SourceQuality "1"]
[TimeControl "40/5400+30:1800+30"]

1. e4 {[%emt 0:00:00]} c5 {[%emt 0:00:04]} 2. Nf3 {[%emt 0:00:00]} d6 {[%emt 0:00:06]} 3. d4 {[%emt 0:00:00]} cxd4 {[%emt 0:00:04]} 4. Nxd4 {[%emt 0:00:00]} Nf6 {[%emt 0:00:05]} 5. Nc3 {[%emt 0:00:00]} a6 {[%emt 0:00:07]} 6. Bc4 {[%emt 0:00:00]} e6 {[%emt 0:00:12]} 7. Bb3 {[%emt 0:00:00]} Be7 {[%emt 0:00:10]} 8. f4 {[%emt 0:00:18]} O-O {[%emt 0:02:29]} 9. Qf3 {[%emt 0:00:16]} Nbd7 {[%emt 0:06:44] B86: Sizilianisch (Sosin-Angriff)} (9... Qc7 10. Be3 b5 11. e5 Bb7 12. exf6 Bxf3 13. fxe7 Qxe7 14. Nxf3 Nd7 15. O-O Nc5 16. f5 Nxb3 17. axb3 {½-½ (26) Tomczak,J (2564)-So,W (2705) Kazan 2013}) 10. g4 {[%emt 0:10:42]} Nc5 {[%emt 0:08:41]} (10... d5 $1 $15 11. exd5 Nc5) 11. Be3 {[%emt 0:07:22]} (11. g5 $14 {bleibt weiter vorne.}) 11... b5 {[%emt 0:15:35]} 12. Nc6 {[%emt 0:13:50]} Qc7 {[%emt 0:09:17]} 13. e5 $146 {[%emt 0:18:18]} ({Vorgänger:} 13. Nxe7+ Qxe7 14. g5 Nfxe4 15. Bxc5 Nxc5 16. Qxa8 Bb7 17. Qa7 Qc7 18. Bd5 exd5 19. Nxd5 Re8+ 20. Kd2 Qc6 21. Nb4 Qg2+ 22. Kc3 Re3+ 23. Nd3 Rxd3+ 24. cxd3 Na4+ 25. Kb4 Qd2+ {0-1 (25) Drzymala,G (1987)-Mazurkiewicz,M (2124) Koszalin 2005}) 13... Bb7 {[%emt 0:08:32]} 14. Nxe7+ {[%emt 0:00:10]} Qxe7 {[%emt 0:00:04]} 15. exf6 {[%emt 0:00:31]} Qxf6 {[%emt 0:00:29]} 16. Qf1 {[%emt 0:00:39]} Bxh1 {[%emt 0:02:51]} 17. Qxh1 {[%emt 0:00:05]} b4 {[%emt 0:07:36]} 18. Nd1 {[%emt 0:03:07]} Rac8 {[%emt 0:03:34]} 19. Qg2 {[%emt 0:04:45]} d5 $14 {[%emt 0:04:35]} (19... a5 $11) 20. Bxc5 {[%emt 0:06:24]} Rxc5 {[%emt 0:00:10]} 21. Qf2 {[%emt 0:00:19]} d4 {[%emt 0:03:26]} 22. g5 {[%emt 0:04:48]} Qd8 {[%emt 0:01:09]} 23. Qg3 {[%emt 0:01:13]} e5 {[%emt 0:04:43]} 24. f5 {[%emt 0:02:56]} e4 {[%emt 0:00:40]} 25. g6 {[%emt 0:00:37]} Kh8 {[%emt 0:05:18]} 26. gxf7 {[%emt 0:09:56]} Rxf5 {[%emt 0:01:43]} 27. Nf2 {[%emt 0:00:58]} Rg5 {[%emt 0:02:15]} 28. Ng4 {[%emt 0:00:06]} h5 {[%emt 0:03:50]} 29. h3 {[%emt 0:00:51]} g6 {[%emt 0:00:51]} 30. O-O-O {[%emt 0:01:40]} hxg4 {[%emt 0:00:41]} 31. hxg4 {[%emt 0:00:13]} Kg7 {[%emt 0:00:24]} 32. Qf4 {[%emt 0:00:46]} Qf6 {[%emt 0:02:28]} 33. Qxe4 {[%emt 0:01:41]} a5 {[%emt 0:02:01]} 34. Re1 {[%emt 0:07:01]} Rc5 {[%emt 0:02:09]} 35. Be6 {[%emt 0:03:26]} d3 {[%emt 0:01:37]} 36. Qxd3 {[%emt 0:03:29]} Re5 {[%emt 0:00:04]} 37. Rxe5 {[%emt 0:00:46]} Qxe5 {[%emt 0:00:02]} 38. Bb3 {[%emt 0:00:46]} Rh8 {[%emt 0:03:45]} 39. c3 {[%emt 0:00:56]} Qe1+ {[%emt 0:00:33]} 40. Bd1 {[%emt 0:00:00]} Kxf7 {[%emt 0:00:40]} 41. Qd5+ {[%emt 0:09:24]} Qe6 {[%emt 0:07:24]} 42. Qd4 {[%emt 0:01:55]} Rh1 {[%emt 0:00:52]} 43. c4 {[%emt 0:00:38]} Re1 {[%emt 0:03:32]} 44. c5 {[%emt 0:06:26]} Qe3+ {[%emt 0:02:46]} 45. Qxe3 {[%emt 0:00:17]} Rxe3 {[%emt 0:00:04]} 46. c6 {[%emt 0:00:25]} Ke7 {[%emt 0:00:43]} 47. Kd2 {[%emt 0:01:22]} Rg3 {[%emt 0:00:31]} 48. Ke1 {[%emt 0:01:51]} Rg1+ {[%emt 0:01:06]} 49. Kd2 {[%emt 0:00:30]} Rg2+ {[%emt 0:00:28]} 50. Be2 {[%emt 0:00:52]} Kd6 {[%emt 0:00:17]} 51. Ke3 {[%emt 0:01:33]} g5 {[%emt 0:03:25]} 52. a4 {[%emt 0:01:47]} bxa3 {[%emt 0:02:54]} 53. bxa3 {[%emt 0:00:04]} Rg1 {[%emt 0:00:04]} 54. a4 {[%emt 0:01:20]} Kxc6 {[%emt 0:00:20]} 55. Bb5+ {[%emt 0:00:19]} Kd5 {[%emt 0:00:06]} 56. Kf3 {[%emt 0:00:14]} Kd4 {[%emt 0:00:40]} 57. Bc6 {[%emt 0:00:46]} Ra1 {[%emt 0:00:46]} 58. Bd7 {[%emt 0:00:33]} Ra3+ {[%emt 0:00:05]} 59. Kg2 {[%emt 0:00:04]} Kc4 {[%emt 0:01:15]} 60. Kf2 {[%emt 0:00:22]} Kb4 {[%emt 0:00:07]} 61. Ke2 {[%emt 0:00:46]} Rxa4 {[%emt 0:00:21]} 62. Kd3 {[%emt 0:00:07]} Ra1 {[%emt 0:00:23]} 63. Ke4 {[%emt 0:00:07]} Rf1 {[%emt 0:00:08]} 0-1

[Event "EYCC 2017"]
[Site "Mamaia"]
[Date "2017.09.13"]
[Round "8"]
[White "Sucikova, Svetlana"]
[Black "Karykowska, Anna"]
[Result "1/2-1/2"]
[WhiteElo "2055"]
[BlackElo "1884"]
[Annotator "NA RC"]
[PlyCount "75"]
[EventDate "2017.??.??"]
[EventType "swiss"]
[EventCountry "ROU"]
[SourceTitle "playchess.com"]
[Source "ChessBase"]
[SourceQuality "1"]
[TimeControl "40/5400+30:1800+30"]

1. d4 {[%emt 0:00:35]} Nf6 {[%emt 0:00:27]} 2. Nf3 {[%emt 0:00:31]} e6 {[%emt 0:00:35]} 3. g3 {[%emt 0:00:47]} c5 {[%emt 0:01:45]} 4. Bg2 {[%emt 0:00:44]} cxd4 {[%emt 0:01:20]} 5. Nxd4 {[%emt 0:01:44]} d5 {[%emt 0:01:06]} 6. O-O {[%emt 0:01:11]} e5 {[%emt 0:02:02]} 7. Nb3 {[%emt 0:01:51]} Be6 {[%emt 0:02:08]} 8. Bg5 {[%emt 0:07:13]} Nbd7 {[%emt 0:02:33]} 9. Nc3 {[%emt 0:07:39]} Be7 {[%emt 0:05:36]} 10. Qd2 {[%emt 0:06:37]} h6 {[%emt 0:06:35]} 11. Bxf6 {[%emt 0:00:53]} Nxf6 {[%emt 0:00:12]} 12. Rad1 {[%emt 0:02:56]} e4 {[%emt 0:06:26]} 13. Kh1 {[%emt 0:08:14]} Qd7 {[%emt 0:14:18]} 14. Qd4 {[%emt 0:08:07]} a6 {[%emt 0:03:28]} 15. f3 {[%emt 0:10:54]} exf3 {[%emt 0:04:13]} 16. Bxf3 {[%emt 0:00:09]} Rd8 {[%emt 0:01:37]} 17. Nc5 {[%emt 0:01:39]} Qc6 {[%emt 0:03:28]} 18. Nd3 {[%emt 0:05:01]} O-O {[%emt 0:05:26]} 19. Nb4 {[%emt 0:01:56]} Bxb4 {[%emt 0:05:11]} 20. Qxb4 {[%emt 0:00:10]} b5 {[%emt 0:03:07]} 21. Rd4 {[%emt 0:00:50]} Rd7 {[%emt 0:06:36]} 22. Rfd1 {[%emt 0:00:48]} Rfd8 {[%emt 0:01:39]} 23. Qa5 {[%emt 0:00:52]} Rb8 {[%emt 0:05:33]} 24. R1d2 {[%emt 0:04:31]} g6 {[%emt 0:05:31]} 25. a3 {[%emt 0:05:27]} Kh7 {[%emt 0:02:28]} 26. Qb4 {[%emt 0:00:37]} Rbd8 {[%emt 0:01:33]} 27. Rh4 {[%emt 0:00:40]} Qd6 {[%emt 0:03:20]} 28. Qd4 {[%emt 0:09:41]} Qe7 {[%emt 0:03:34]} 29. Qe3 {[%emt 0:01:26]} h5 {[%emt 0:00:42]} 30. Rhd4 {[%emt 0:00:38]} Qd6 {[%emt 0:01:21]} 31. Qg5 {[%emt 0:00:46]} Kg7 {[%emt 0:01:31]} 32. e4 {[%emt 0:01:24]} Nh7 {[%emt 0:00:25]} 33. Qh4 {[%emt 0:01:14]} Qe5 {[%emt 0:00:38]} 34. exd5 {[%emt 0:02:50]} Nf6 {[%emt 0:00:32]} 35. Re2 {[%emt 0:02:12]} Qf5 {[%emt 0:00:28]} 36. Rf4 {[%emt 0:00:39]} Qh3 {[%emt 0:00:32]} 37. Qxf6+ {[%emt 0:00:26]} Kh7 {[%emt 0:00:06]} 38. Bg2 {[%emt 0:00:10]} 1/2-1/2

[Event "EYCC 2017"]
[Site "Mamaia"]
[Date "2017.09.13"]
[Round "8"]
[White "Asatryan, Sona"]
[Black "Garcia Martin, Marta"]
[Result "1-0"]
[WhiteElo "2043"]
[BlackElo "2360"]
[Annotator "TA"]
[PlyCount "69"]
[EventDate "2017.??.??"]
[EventType "swiss"]
[EventCountry "ROU"]
[SourceTitle "playchess.com"]
[Source "ChessBase"]
[SourceQuality "1"]

{[%evp 15,69,-4,62,0,79,81,77,75,105,58,72,74,70,75,74,69,69,61,97,93,104,106,118,88,89,72,155,143,127,134,197,193,270,278,327,313,322,271,286,234,349,321,426,409,461,454,445,439,406,414,1422,1358,29990,29991,29997,29998]} 1. e4 c5 2. Nf3 e6 3. d4 cxd4 4. Nxd4 a6 5. Nc3 Qc7 6. g3 Bb4 7. Nde2 Nc6 8. Bg2 Nf6 (8... d6 $11) 9. O-O {B43: Sicilian: Kan Variation: 5 Nc3} ({Better is} 9. Bf4 $1 $14 d6 10. a3 Bxc3+ 11. Nxc3) (9. Bf4 d6 10. O-O Ne5 11. Bd2 Bc5 12. Na4 Ba7 13. Bb4 Bb8 14. c4 Nfd7 15. b3 Nc6 16. Bc3 b5 {1-0 (72) Wehmeier,S (2407)-Podzielny,K (2419) Germany 2014}) 9... h5 (9... Be7 $11) 10. Bf4 $16 e5 $146 ({Predecessor:} 10... Qa5 11. a3 Be7 12. h3 h4 13. g4 Nh7 14. b4 Qb6 15. Na4 Qd8 16. Be3 d6 {1-0 (37) Daum,H (2156)-Strebel,H Germany 2002}) 11. Bg5 {White is better.} Bc5 12. h3 d6 13. Bxf6 gxf6 14. Nd5 Qd8 15. Kh2 $36 {[%mdl 2048] White has the initiative.} Be6 16. f4 h4 17. g4 Rc8 18. c3 Ba7 19. fxe5 fxe5 20. Qd2 Bxd5 (20... Kd7 $142) 21. exd5 Ne7 22. Be4 Qb6 {[#]} (22... Rc7 $16 {was necessary.} 23. Rf3 Rf8) 23. Rf3 $1 $18 Rc4 {[#]} (23... Kd7 $142 24. Raf1 (24. Rxf7 Rcf8 $16) 24... Rcf8) 24. Qc2 $1 Rf8 25. Raf1 Rc7 26. b3 Qc5 27. Qd2 b5 (27... Kd8 {was worth a try.} 28. Qh6 Re8 29. Rxf7 Qe3 30. Qxe3 (30. Qxd6+ Rd7 $11) 30... Bxe3) 28. g5 {[%cal Bg4g5,Bg5g6][%mdl 32]} Ng8 29. Bh7 Re7 30. g6 {Strongly threatening g7.} f6 31. Bxg8 Rxg8 32. Rxf6 {[%cal Bf3f6,Bf6f7,Bf7f8][%mdl 32]} Reg7 (32... Qe3 $142 33. Qxe3 Bxe3 34. Rxd6 Reg7) 33. Qg5 {Threatening mate with Rf8+!} Bb6 34. Rf7 {[%csl Gf7][%cal Rg5e7]} Bd8 {[#]} 35. Rf8+ $1 {[%mdl 512] Precision: White = 81%, Black = 30%.} 1-0

[Event "EYCC 2017"]
[Site "Mamaia"]
[Date "2017.09.13"]
[Round "8"]
[White "Kovacs, Judit"]
[Black "Cvitan, Ena"]
[Result "1/2-1/2"]
[WhiteElo "2042"]
[BlackElo "2270"]
[Annotator "TA"]
[PlyCount "117"]
[EventDate "2017.??.??"]
[EventType "swiss"]
[EventCountry "ROU"]
[SourceTitle "playchess.com"]
[Source "ChessBase"]
[SourceQuality "1"]

1. Nf3 {Program Activation Required} d5 2. c4 d4 3. g3 Nc6 4. Bg2 e5 5. O-O e4 (5... a5 6. e3 Nf6 7. exd4 exd4 8. d3 Be7 9. Na3 Nd7 10. Nb5 Nc5 11. Re1 O-O 12. Bf4 Ne6 13. Rxe6 Bxe6 14. Nxc7 {½-½ (31) Zherebukh,Y (2632)-Xiong,J (2652) Saint Louis 2017}) 6. Ne1 {A09: Reti-Eröffnung} h5 7. Bxe4 Bh3 $146 ({Vorgänger:} 7... h4 8. d3 Bh3 9. Bg2 Qd7 10. Nd2 Bxg2 11. Nxg2 hxg3 12. fxg3 Nf6 13. Nf3 {0-1 (45) Ventura Bolet,M (2069)-Ponce Cano,A (2183) Linares 2015}) 8. Bg2 Bxg2 9. Nxg2 Bd6 10. d3 h4 11. Nd2 Nf6 12. Nf3 hxg3 13. fxg3 Qd7 14. e3 Qh3 15. Nf4 Bxf4 16. exf4 O-O-O 17. Rf2 Ng4 18. Rg2 Ne7 19. Ng5 Qxg2+ 20. Kxg2 Rxh2+ 21. Kg1 Rh1+ 22. Kxh1 Nf2+ 23. Kg2 Nxd1 24. Nxf7 Rf8 25. Ne5 g5 26. Kf3 Nf5 27. b3 Rh8 28. fxg5 Rh1 29. g6 Rf1+ 30. Kg4 Ng7 31. Kg5 Ne6+ 32. Kh4 Ne3 33. Bxe3 Rxa1 34. Bf4 Rxa2 35. Nf3 c5 36. Be5 Rb2 37. Ng5 Kd7 38. Kg4 Rf2 39. Ne4 Rf8 40. g7 Nxg7 41. Bxg7 Rc8 42. Kf5 a6 43. g4 b5 44. cxb5 axb5 45. g5 c4 46. bxc4 bxc4 47. Bxd4 cxd3 48. g6 Ke7 49. g7 d2 50. Nxd2 Kf7 51. Ne4 Rd8 52. Be5 Ra8 53. Nd6+ Kg8 54. Ne4 Kf7 55. Ng5+ Kg8 56. Ne6 Ra7 57. Kg6 Re7 58. Kf6 Rf7+ 59. Kg6 1/2-1/2

[Event "EYCC 2017"]
[Site "Mamaia"]
[Date "2017.09.13"]
[Round "8"]
[White "Szucs, Edina"]
[Black "Antolak, Julia"]
[Result "0-1"]
[WhiteElo "2023"]
[BlackElo "2212"]
[Annotator "TA"]
[PlyCount "78"]
[EventDate "2017.??.??"]
[EventType "swiss"]
[EventCountry "ROU"]
[SourceTitle "playchess.com"]
[Source "ChessBase"]
[SourceQuality "1"]

{[%evp 13,78,-8,14,0,64,-14,0,-14,0,-54,0,-59,12,-4,1,0,25,0,0,0,6,-18,0,0,0,0,6,0,116,5,113,0,41,-48,-29,-23,0,0,11,16,29,29,35,29,38,34,45,44,55,0,0,-30,-44,-82,-50,-1096,0,-29980,-29981,-29991,-29992,-29992,-29993,-29993,-29994,-29994,-29995]} 1. e4 e5 2. Nf3 Nc6 3. Bc4 Bc5 4. c3 Nf6 5. d3 O-O 6. Bb3 d5 7. Nbd2 h6 {LiveBook: 6 Games. C54: Giuoco Piano: 4 c3 Nf6, main lines with 5 d4 and 5 d3} (7... Be6 8. Qe2 dxe4 9. dxe4 Qe7 10. O-O Bxb3 11. axb3 a6 12. b4 Ba7 13. Nc4 Qe6 14. Na5 Nxa5 15. Rxa5 {1-0 (54) Radjabov,T (2761)-Carlsen,M (2776) Nice 2009}) 8. O-O Bb6 (8... dxe4 $11 9. Nxe4 Nxe4 10. dxe4 Qf6) 9. Qe2 (9. exd5 $14 Nxd5 10. Nc4) 9... Re8 $11 {The position is equal.} 10. Re1 $146 ({Predecessor:} 10. exd5 Nxd5 11. Nc4 Bf5 12. Nfxe5 Nxe5 13. Nxe5 f6 14. Qf3 Rxe5 15. Bf4 Be6 16. Bxe5 fxe5 17. Rae1 Qd6 18. Qg3 Bf7 19. Rxe5 Qd7 {½-½ (19) Thiel,D (2237)-Wittig,F (2293) Remote email 2014}) 10... a5 11. Nf1 (11. Ba4 $11) 11... Be6 (11... a4 $15 12. Bxd5 Nxd5 13. exd5 Qxd5) 12. h3 (12. Ba4 $11) 12... Qe7 (12... a4 $15 13. exd5 Bxd5 14. Bxd5 Nxd5) 13. Bc2 Rad8 14. Ng3 Nh7 15. a3 Nf8 16. Ba4 Ng6 17. Nf5 Qf6 18. g4 dxe4 19. dxe4 {[%cal Bd3e4,Be4f5][%mdl 32]} Bxf5 20. exf5 Nf8 {[#]} (20... e4 $11 21. fxg6 Qxf3 22. gxf7+ Kxf7 23. Qxf3+ exf3) 21. Qc2 (21. Qe4 $1 $16) 21... Qd6 (21... Nd7 $11 {remains equal.}) 22. Bxc6 ({Better is} 22. Be3 $16) 22... bxc6 (22... e4 $5 23. Nd4 (23. Bxe4 Qg3+ 24. Kf1 Qxh3+ 25. Kg1 Qg3+ 26. Kf1 Qh3+ 27. Kg1 Qg3+ 28. Kf1 Qxg4 $11) 23... bxc6 $14) 23. Qe4 (23. Be3 $14) 23... Nd7 {[%cal Bf8d7,Bd7b6,Bb6d5,Bd5e3][%mdl 32] aiming for ...Nc5.} 24. Be3 {Threatening Rad1.} Bxe3 25. Qxe3 e4 26. Rad1 Qe7 27. Nd4 Qf6 28. Nb3 Nb6 29. Rxd8 Qxd8 30. Nxa5 Nd5 $1 {[%cal Rd5e3]} 31. Qd4 (31. Qg3 $1 $14) 31... e3 32. Nxc6 (32. Nc4 $5 {[%cal Rc4e3]}) 32... Qh4 {( -> ...Qxf2+)} 33. Re2 $1 {Black must now prevent Kg2.} Qxh3 {Hoping for ...Qf3.} 34. fxe3 $2 {[%mdl 8192]} (34. Ne5 $15) 34... Nxe3 $2 $40 {[%mdl 128] Black has some attack.} (34... Qg3+ $19 35. Rg2 Qe1+ 36. Kh2 Qh4+ 37. Kg1 Rxe3) 35. Ne7+ $2 {[%mdl 8192] [#]} (35. Qf4 $11) 35... Rxe7 {Black mates.} 36. Qd8+ Kh7 37. Qxe7 Qf1+ 38. Kh2 Qxe2+ 39. Kg3 Nf1+ {Precision: White = 23%, Black = 33%.} 0-1